| 000 | 02834cim a2200601Ki 4500 | ||
|---|---|---|---|
| 001 | 1228132915 | ||
| 003 | OCoLC | ||
| 005 | 20210416131122.0 | ||
| 007 | sd fsngnnmmned | ||
| 008 | 201228s2021 nyunnnnj f n eng d | ||
| 020 | _a9781797119786 | ||
| 020 | _a1797119788 | ||
| 020 | _a9781797119793 | ||
| 020 | _a1797119796 | ||
| 024 | 3 | _a9781797119786 | |
| 035 | _a(OCoLC)1228132915 | ||
| 037 |
_bMidwest Tape _nhttp://www.midwesttapes.com |
||
| 037 |
_a30dzne _bBlackstone Publishing |
||
| 037 |
_a10dzne _bBlackstone Publishing |
||
| 040 |
_aTEFMT _beng _erda _cTEFMT _dTEF _dOCLCO _dTEFMT _dOCLCF _dBLACP _dOCLCO |
||
| 092 |
_ajunior audiobook _bMcMann |
||
| 100 | 1 |
_aMcMann, Lisa. _eauthor. _956437 |
|
| 245 | 1 | 0 |
_aDragon fury / _cLisa McMann. |
| 250 | _aUnabridged. | ||
| 264 | 1 |
_aNew York, NY : _bSimon & Schuster Audio, _c[2021] |
|
| 300 |
_a8 audio discs (approximately 540 min.) : _bCD audio, digital ; _c4 3/4 in. |
||
| 306 | _a090000. | ||
| 336 | _aspoken word | ||
| 337 | _aaudio | ||
| 338 | _aaudio disc | ||
| 490 | 1 |
_aThe Unwanteds quests ; _vBook 7. |
|
| 500 | _aTitle from web page. | ||
| 500 | _aCompact discs. | ||
| 511 | 0 | _aRead by Fiona Hardingham. | |
| 520 | _aAs the greatest army ever assembled in the seven islands flies to the land of the dragons, everyone's mind is haunted by the same thought: Thisbe Stowe betrayed them all. Thisbe struggles to regain the trust of her brother Aaron and the people of Artime after one crucial mistake forces her to abandon her intricate plan against the Revinir. Aaron is devastated by Thisbe's actions and refuses to hear her explanation, feeling a sense of responsibility for the wrong she's done mixed with his own deep regret and fears over his dark history. Complicating things are Thisbe's conflicted feelings about the Revinir, leaving her wondering if she allowed herself to get too close to the dragon-woman, and if she really is more evil than good after all. | ||
| 650 | 0 |
_aMagic _vJuvenile fiction. _95673690 |
|
| 650 | 0 |
_aBrothers and sisters _vJuvenile fiction. _95674032 |
|
| 650 | 0 |
_aTwins _vJuvenile fiction. _95674271 |
|
| 650 | 0 |
_aImaginary wars and battles _vJuvenile fiction. _95691546 |
|
| 650 | 1 |
_aMagic _vFiction. _95673694 |
|
| 650 | 1 |
_aBrothers and sisters _vFiction. _95673852 |
|
| 650 | 1 |
_aTwins _vFiction. _95674236 |
|
| 655 | 7 |
_aAction and adventure fiction. _2fast |
|
| 655 | 7 |
_aAudiobooks. _2fast |
|
| 655 | 7 |
_aChildren's audiobooks. _2fast _95675081 |
|
| 655 | 7 |
_aFantasy fiction. _2fast |
|
| 655 | 7 |
_aFiction. _2fast _95673940 |
|
| 655 | 7 |
_aJuvenile works. _2fast _95673941 |
|
| 700 | 1 |
_aHardingham, Fiona. _enarrator. _95687112 |
|
| 800 | 1 |
_aMcMann, Lisa. _tUnwanteds quests. _sSpoken word ; _vbk. 7. _96413962 |
|
| 907 | _a.b442465385 | ||
| 942 |
_2ddc _cAUDIOBOOK |
||
| 999 |
_c360520 _d360520 |
||